000 00337nam a2200145Ia 4500
005 20260328104314.0
008 260328s9999||||xx |||||||||||||| ||und||
100 _aCallori, Michael
245 0 _aArchitecture /
_cMichael Callori
250 _a1a ed.
260 _bRizzoli
300 _a91 p.
650 _aARQUITECTURA
942 _cBK
999 _c11101
_d11101